1510 1419 1003 1012 1709 1440 1679 1630 1274 1339 1765 1425 1011 1263 1807 1108 1928 1995 1701 1916 1597 1989 1139 1530 1776 1185 1502 1074 1491 1548 1539 1614 1184 1399 1614 1295 1669 1487 1901 1222 1886 1218 1018 1901 1629 1807 1105 1635 1027 1175 1347 1853 1755 1824 1356 1332 1453 1630 1843 1981 1981 1639 1206 1375 1307 1876 1021 1670 1068 1432 1539 1668 1314 1464 1830 1628 1231 1895 1540 1672 1821 1501 1276 1619 1665 1770 1815 1196 1735 1285 1104 1373 1179 1773 1538 1567 1992 1201 1239 BCNSPRNW ULIB Ver.6.0+V

เปลี่ยนเป็นภาษาไทย

Change to English
 แสดงรายละเอียดบรรณานุกรม
  กลับหน้าหลัก

Brief Record : Get Marc (ISO 2709) : E-mail record : QR code < ปิดหน้าต่าง
LEADER : 00000nam 2200000uu 4500
001    13399128341
003     ULIB
008    230613s2565||||th 000 0 tha d
020    ^a9786165934718
060    ^aWY152^bพ231ก
100    ^aพรชัย จูลเมตต์
245    ^aการพยาบาลผู้สูงอายุโรคหลอดเลือดสมอง/^cพรชัย จูลเมตต์
250    ^aพิมพ์ครั้งที่ 1
260    ^aชลบุรี :^bคณะพยาบาลศาสตร์ มหาวิทยาลัยบูรพา,^c2565
300    ^a142 หน้า;^c26 ซม.
650    ^aโรคหลอดเลือดสมอง^xการพยาบาล
945    ^p200^l0^i29599
945    ^p200^l0^i29600
945    ^p200^l0^i29601
945    ^p200^l0^i29602
945    ^p200^l0^i29603
999    ^aกัณชพร จุลอักษร
รายการนี้ยังไม่มีแท็ก
คุณยังไม่ได้ล็อกอิน คุณสามารถมีกิจกรรมร่วมกับเว็บไซต์ได้ แต่ต้องล็อกอินก่อน ::
  ล็อกอิน

รายการสื่อสารสนเทศ

ลำดับที่ ประเภท เลขเรียก/บาร์โค้ด สถานที่ สถานะ
1. หนังสือสำรอง
หนังสือสำรอง
WY152 พ231ก ฉ.1 
  Barcode: 29599
ห้องสมุดวิทยาเขตนครสวรรค์
►หนังสือทั่วไป:l:General Books
บนชั้น
2. วิทยาศาสตร์การแพทย์ และสุขภาพ
วิทยาศาสตร์การแพทย์ และสุขภาพ
WY152 พ231ก ฉ.2 
  Barcode: 29600
ห้องสมุดวิทยาเขตนครสวรรค์
►หนังสือทั่วไป:l:General Books
บนชั้น
3. วิทยาศาสตร์การแพทย์ และสุขภาพ
วิทยาศาสตร์การแพทย์ และสุขภาพ
WY152 พ231ก ฉ.3 
  Barcode: 29601
ห้องสมุดวิทยาเขตนครสวรรค์
►หนังสือทั่วไป:l:General Books
บนชั้น
4. วิทยาศาสตร์การแพทย์ และสุขภาพ
วิทยาศาสตร์การแพทย์ และสุขภาพ
WY152 พ231ก ฉ.4 
  Barcode: 29602
ห้องสมุดวิทยาเขตนครสวรรค์
►หนังสือทั่วไป:l:General Books
บนชั้น
5. วิทยาศาสตร์การแพทย์ และสุขภาพ
วิทยาศาสตร์การแพทย์ และสุขภาพ
WY152 พ231ก ฉ.5 
  Barcode: 29603
ห้องสมุดวิทยาเขตนครสวรรค์
►หนังสือทั่วไป:l:General Books
บนชั้น

รายการใกล้เคียง
    ผู้แต่ง [พรชัย จูลเมตต์]

BibComment


ยังไม่เคยถูกคอมเมนท์

คอมเมนท์ทรัพยากรรายการนี้
  คอมเมนท์: การพยาบาลผู้สูงอ..


 Copyright 2026. Bcnsprnw @Library